00410pab a2200145 454500008004000000100002000040245008300060260000900143300001300152362001200165650002600177650002400203650001600227773002100243180718b2009 xxu||||| |||| 00| 0 eng d aMallick, Sambit aThe political economy of agricultural biotechnology in India: a review article c2009 ap.52-63. aMar-Apr aBiotechnology - India aAgriculture - India aAgriculture aSocial Scientist